000 00608nam a2200181 i 4500
001 156400
003 ES-MaACL
005 20250808090132.0
008 010427s1888 it |||| | ita d
040 _aCCPB | B
_bspa
_cCCPB | B
100 1 _aJona, Guido.
_9128343
245 1 3 _aLa riforma delle leggi costituzionali /
_cGuido Jona.
260 _aTorino :
_bfratelli Bocca,
_c1888.
300 _a193 p. ;
_c23 cm.
650 7 _aDerecho constitucional
_2embne
_911680
852 _aES-MaACL
_jT-538-F-9
_z-- Enc. hol., conservando la cub. original
_z-- Enc. en un vol. facticio
999 _c156400
_d156400